Argumente zu einer Alternativen Verkehrsplanung /

Guardado en:
Detalles Bibliográficos
Autor principal: Budnick, Gislind (autor)
Formato: Libro
Idioma:Alemán
Publicado: Stuttgart, Alemania : Universität Stuttgart, Institut fuer Grundlagen der Planung, fecha no identificada
Etiquetas: Agrega una etiqueta
Sin etiquetas, Sé el primero en etiquetar este registro!

MARC

LEADER 00000nam^a2200000^a^4500
001 000555142
005 20250526000000.0
009 20260310131713.201
037 |a Acervo ITESO - Biblioteca 
041 |a ALE 
091 |a FHA. 00866 
100 |a Budnick, Gislind  |e (autor) 
245 1 0 |a Argumente zu einer Alternativen Verkehrsplanung / 
264 1 |a Stuttgart, Alemania :  |b Universität Stuttgart, Institut fuer Grundlagen der Planung,  |c fecha no identificada 
300 |a 21 p. ;  |c 21.0 cm. 
336 |a texto  |b txt  |2 rdacontenido 
337 |a sin mediación  |b n  |2 rdamedio 
338 |a volumen  |b nc  |2 rdasoporte 
515 |a Inventario familia Hartung: 1110 
649 |a XX 
910 |a Fondo Horst Hartung Franz 
920 |a Impresos - Libros 
930 |a Libros Antiguos y Raros 
905 |a 135 
901 |a 0500326921  |b IT2  |c LRA  |i D  |u 20250526 
902 |a https://opac.biblio.iteso.mx/vufind/Record/000555142